000 006430000a22002170004500
003 dpl
005 20081031101654.0
008 081031t xxu||||| |||| 00| 0 eng d
010 _aENG-84650
020 _c175.00 (pbk)
035 _aEN-68183
040 _cdpl
082 _a500
245 _aScience and technology /
_cedited by N N Ojha
250 _a6th ed
260 _aNew Delhi
_bChronicle Books
_c2007
300 _a547p
_c22cm
700 _aOjha, N N
_ced
942 _2ddc
_cEN
_h500
_mSCI
999 _c17954
_d17954